[Event "AUT-chT2S 9394"]
[Site "AUT"]
[Date "1994.??.??"]
[Round "?"]
[White "Gigerl, Erich"]
[Black "Rohler, Siegfried"]
[Result "1-0"]
[WhiteElo "2345"]
[BlackElo "2195"]

1.d4 f5 2.Nf3 Nf6 3.g3 g6 4.Bg2 Bg7 5.O-O O-O 6.c4 d6 7.b3 e5 8.dxe5 Ng4
9.Bb2 Nxe5 10.Nc3 Nbc6 11.Qd2 f4 12.gxf4 Nxf3+ 13.Bxf3 Bh3 14.Rfe1 g5 15.Bd5+ Kh8
16.fxg5 Qd7 17.Ne4 Ne5 18.Ng3 c6 19.Bg2 Bxg2 20.Kxg2 Ng6 21.Bxg7+ Qxg7 22.Ne4 d5
23.cxd5 cxd5 24.Ng3 d4 25.Rad1 Rad8 26.f3 Nf4+ 27.Kh1 Qxg5 28.Rg1 Qe5 29.Ne4 h6
30.e3 Nh3 31.exd4 Qh5 32.Rg3 Rxf3 33.Qe2 Rdf8 34.d5 Kh7 35.Rxf3 Qxf3+ 36.Qxf3 Rxf3
37.d6 Rf8 38.Rc1 Kg6 39.d7 Rd8 40.Rc7 Kf5 41.Nd6+ Ke6 42.Nxb7 Rg8 43.d8=N+ Ke5
44.Re7+ Kd5 45.Rd7+ Ke4 46.Nc5+ Ke5 47.Nf7+ Kf6 48.Ne4+ Ke6 49.Rd6+ Ke7 50.Ng3 Kxf7
51.Rxh6 Rc8 52.Rxh3  1-0

[Event "Bad Ragaz op"]
[Site "Bad Ragaz"]
[Date "1994.??.??"]
[Round "6"]
[White "Raetsky, Alexander"]
[Black "Haakert, Juergen"]
[Result "1-0"]
[WhiteElo "2410"]
[BlackElo "2335"]

1.d4 f5 2.c4 Nf6 3.Nf3 g6 4.g3 Bg7 5.Bg2 O-O 6.O-O d6 7.Nc3 Nc6 8.d5 Na5
9.Qa4 c5 10.dxc6 bxc6 11.Nd4 Bd7 12.Nxc6 Nxc6 13.Bxc6 Bxc6 14.Qxc6 Qc8 15.Qa4 f4
16.Bxf4 Qh3 17.Qc6 d5 18.Nxd5 Ng4 19.Nxe7+ Kf7 20.Qg2 Qxg2+ 21.Kxg2 Kxe7
22.Rad1 Bxb2 23.Bd6+ Ke6 24.Bxf8 Rxf8 25.e3 a5 26.Rd2 Ba3 27.Rd4 Ne5 28.Rb1 Bb4
29.h3 Nf3 30.Re4+ Kd6 31.Rd1+ Kc7 32.Rd5 Rf6 33.Rf4 Ne1+ 34.Kf1 Rc6 35.Ke2 Nc2
36.Rf7+ Kb6 37.Rdd7 h5 38.Rb7+ Kc5 39.Rf4 Na3 40.Kd3 Rd6+ 41.Rd4  1-0

[Event "Regionalliga NW9495"]
[Site "Bayern"]
[Date "1994.??.??"]
[Round "1"]
[White "Mittag, Ralf"]
[Black "Botta, Alejandro Felix"]
[Result "0-1"]
[WhiteElo "2115"]
[BlackElo "2285"]

1.d4 f5 2.c4 Nf6 3.g3 g6 4.Bg2 Bg7 5.Nf3 O-O 6.O-O d6 7.Nc3 Nc6 8.d5 Ne5
9.Nxe5 dxe5 10.b3 e4 11.Bb2 Ng4 12.Qc2 Bd7 13.Nd1 Ne5 14.f3 g5 15.fxe4 f4
16.gxf4 gxf4 17.Qd2 Qe8 18.Rxf4 Qh5 19.Nf2 Bh6 20.Rxf8+ Rxf8 21.e3 Nf3+ 22.Bxf3 Qxf3
23.Bd4 Kf7 24.Nh1 Ke8 25.Qg2 Bxe3+ 26.Bxe3 Qxe3+ 27.Nf2 Kf7 28.Kf1 Rg8 29.Qh1 Ke8
30.Re1 Bh3+ 31.Nxh3 Rf8+ 32.Kg2 Qf3+  0-1

[Event "Regionalliga NW9495"]
[Site "Bayern"]
[Date "1994.??.??"]
[Round "5"]
[White "Assmann, Norbert"]
[Black "Ledfuss, Guntram"]
[Result "1-0"]
[WhiteElo "2075"]
[BlackElo "1905"]

1.Nf3 f5 2.g3 Nf6 3.Bg2 g6 4.O-O Bg7 5.c4 O-O 6.d4 d6 7.Nc3 Nc6 8.d5 Ne5
9.Nxe5 dxe5 10.e4 f4 11.f3 fxg3 12.hxg3 Nh5 13.Ne2 e6 14.Be3 Qe7 15.Qc1 Bd7
16.g4 Nf4 17.Nxf4 exf4 18.Bxf4 Rxf4 19.Qxf4 Bd4+ 20.Kh1 exd5 21.exd5 Be5
22.Qh6 Bg7 23.Qh2 Re8 24.Qg3 g5 25.Rae1 Be5 26.Rxe5 Qxe5 27.Qxe5 Rxe5 28.Rf2 Kf7
29.Bf1 Kf6 30.Kg2 Be8 31.Bd3 h5 32.gxh5 Bxh5 33.Re2 Rxe2+ 34.Bxe2 Bg6 35.Kf2 Ke5
36.Ke3 Bf5 37.Bd3 Bh3 38.a4 Bd7 39.a5 b6 40.b4 bxa5 41.bxa5 Ba4 42.Bg6 Bb3
43.Kd3 Ba4 44.Kc3 Bd7 45.Kb4 Kd4 46.Bh5 Ke5 47.Kc5 Ba4 48.Bg4 Be8 49.Bc8 Kf4
50.Bb7 Ba4 51.a6  1-0

[Event "Oberliga Bayern9495"]
[Site "Bayern"]
[Date "1994.??.??"]
[Round "6"]
[White "Pohl Kuemmel, Jens Uwe"]
[Black "Urban, Michael"]
[Result "1/2-1/2"]
[WhiteElo "2265"]
[BlackElo "2235"]

1.d4 f5 2.g3 Nf6 3.Bg2 g6 4.Nf3 Bg7 5.O-O O-O 6.c4 d6 7.Nc3 Qe8 8.d5 Na6
9.Rb1 c6 10.Nd4 c5 11.Ne6 Bxe6 12.dxe6 Qc8 13.Nd5 Nxd5 14.cxd5 Nc7 15.a4 b6
16.Qc2 a6 17.b4 a5 18.bxc5 bxc5 19.Bd2 Qa6 20.e3 Rab8 21.Rxb8 Rxb8 22.Rb1 Rb6
23.Bf1 Qb7 24.Rxb6 Qxb6 25.Bc4 Na6 26.Bxa6 Qxa6 27.Qb3 Qc8 28.Qc4 Qa8 29.Qb5 Bf6
30.Qc6 Qb8 31.Kg2 Kg7 32.Bxa5 Qb1 33.Bd8 Qe4+ 34.Kg1 Qb1+ 35.Kg2 Qe4+ 36.Kg1  1/2-1/2

[Event "Oberliga Bayern9495"]
[Site "Bayern"]
[Date "1994.??.??"]
[Round "7"]
[White "Schlosser, Hans"]
[Black "Joerg, Harald"]
[Result "1/2-1/2"]
[WhiteElo "2325"]
[BlackElo "2345"]

1.d4 f5 2.Nf3 Nf6 3.c4 g6 4.g3 Bg7 5.Bg2 O-O 6.O-O d6 7.Nc3 Nc6 8.d5 Ne5
9.Qb3 Ned7 10.Nd4 Nc5 11.Qd1 a5 12.b3 Bd7 13.Rb1 Qe8 14.e3 h6 15.Qc2 Nh5
16.f4 Rc8 17.Qd2 g5 18.Bb2 Qg6 19.Rbd1 Nf6 20.Qc2 Nfe4 21.Nde2 Nf6 22.Nd4 Nfe4
23.Nde2 Nf6  1/2-1/2

[Event "Belgrade (Women)"]
[Site "Belgrade"]
[Date "1994.??.??"]
[Round "3"]
[White "Botsari Miladinovic, Anna Maria"]
[Black "Sofieva, Ainur"]
[Result "1/2-1/2"]
[WhiteElo "2320"]
[BlackElo "2385"]

1.d4 f5 2.g3 Nf6 3.Bg2 g6 4.Nf3 Bg7 5.O-O O-O 6.c4 d6 7.Nc3 c6 8.d5 e5 9.dxe6 Bxe6
10.b3 Qe7 11.Ng5 Bd7 12.Bb2 Na6 13.Qc2 Rad8 14.Rad1 Bc8 15.Ba3 Ng4 16.Nh3 Ne3
17.fxe3 Qxe3+ 18.Nf2 Qxc3 19.Qxc3 Bxc3 20.Bxd6 Rfe8 21.e4 Bb4 22.Bxb4 Nxb4
23.Bh3 Nxa2 24.Ra1 Rd2 25.Rfe1 Kf7 26.exf5 Bxf5 27.Rxe8 Kxe8 28.Bxf5 gxf5
29.Re1+ Kf7 30.Re5 Rb2 31.Rxf5+ Kg6 32.Ra5 Nc3 33.Rxa7 Rxb3 34.Kg2 Nb1 35.Ne4 Rb4
36.Nd6 b6 37.Rc7 c5 38.Rc6 Kg7 39.Rc7+ Kg6 40.Rc6 Kg7 41.Rc7+ Kg6 42.Rc6  1/2-1/2

[Event "Belgrade (Women)"]
[Site "Belgrade"]
[Date "1994.??.??"]
[Round "6"]
[White "Maric, Alisa"]
[Black "Sofieva, Ainur"]
[Result "1-0"]
[WhiteElo "2415"]
[BlackElo "2385"]

1.Nf3 f5 2.d4 Nf6 3.g3 g6 4.Bg2 Bg7 5.O-O O-O 6.c4 d6 7.Nc3 Qe8 8.d5 a5 9.Ne1 e5
10.dxe6 Qxe6 11.b3 c6 12.Bb2 Na6 13.Nd3 Qf7 14.Na4 Nc7 15.Nb6 Ra6 16.Nxc8 Rxc8
17.Qc2 Raa8 18.Rad1 d5 19.Nc5 Qe7 20.Na4 Re8 21.Bxf6 Bxf6 22.cxd5 Qxe2 23.Rd2 Qb5
24.dxc6 b6 25.Rd7 Ne6 26.Rfd1 Rad8 27.Qc4 Qxc4 28.bxc4 Nc5 29.Nxc5 bxc5 30.c7 Rxd7
31.Rxd7 Re1+ 32.Bf1 Re8 33.Be2 Kf8 34.Bf3 Bd4 35.Bb7  1-0

[Event "Berliner Sommer"]
[Site "Berlin"]
[Date "1994.??.??"]
[Round "?"]
[White "Krogius, Nikolai V"]
[Black "Welz, Peter"]
[Result "1-0"]
[WhiteElo "2490"]
[BlackElo "2300"]

1.Nf3 f5 2.g3 Nf6 3.Bg2 g6 4.O-O Bg7 5.d4 O-O 6.c4 d6 7.Nc3 Nc6 8.d5 Ne5
9.Nxe5 dxe5 10.b3 a6 11.Ba3 Qe8 12.Qd2 Ng4 13.f4 exf4 14.gxf4 Qf7 15.Rad1 Bd7
16.e4 fxe4 17.Nxe4 Rae8 18.Nc5 Bc8 19.Ne6 Bxe6 20.dxe6 Qf6 21.Bxb7 Qh4 22.Qg2 Ne3
23.Qg3 Qxg3+ 24.hxg3 Nxf1 25.Kxf1 Bf6 26.Rd7 g5 27.Kg2 gxf4 28.gxf4 Bh4 29.Kf3 Kg7
30.Rxc7 h5 31.Bc6 Rc8 32.Bb2+ Kh6 33.Rxc8 Rxc8 34.Bd7 Rg8 35.c5 Rg3+ 36.Ke4 Rg2
37.Bd4 Be1 38.f5 h4 39.f6 exf6 40.e7 Bd2 41.Be3+  1-0

[Event "Berliner Sommer"]
[Site "Berlin"]
[Date "1994.??.??"]
[Round "?"]
[White "Shneider, Aleksandr"]
[Black "Danner, Georg"]
[Result "0-1"]
[WhiteElo "2535"]
[BlackElo "2455"]

1.d4 f5 2.Nf3 Nf6 3.g3 g6 4.Bg2 Bg7 5.O-O O-O 6.c4 d6 7.Nc3 Nc6 8.d5 Ne5
9.Nxe5 dxe5 10.Qb3 h6 11.c5 Kh8 12.Rd1 a6 13.Qa3 Rb8 14.Bd2 g5 15.Be1 Qe8
16.Qa5 b6 17.cxb6 cxb6 18.Qa3 b5 19.Qb4 Bb7 20.a4 bxa4 21.Qxa4 Qf7 22.Qc2 e4
23.d6 Rfd8 24.dxe7 Qxe7 25.Rxd8+ Rxd8 26.Rd1 Rxd1 27.Qxd1 f4 28.e3 f3 29.Bf1 Ng4
30.Qa4 Qe6 31.Bc4 Qc8 32.Bb3 Bc6 33.Qa1 Ne5 34.Nd5 Qh3  0-1

[Event "Budapest FS09 IM-B"]
[Site "Budapest"]
[Date "1994.??.??"]
[Round "2"]
[White "Kahn, Evarth"]
[Black "Bersutzki, Gregory"]
[Result "1/2-1/2"]
[WhiteElo "2320"]
[BlackElo "2190"]

1.d4 f5 2.Nf3 Nf6 3.g3 g6 4.Bg2 Bg7 5.O-O O-O 6.c4 d6 7.Nc3 c6 8.d5 a5 9.Nd4 Bd7
10.Re1 Qb6 11.e3 Na6 12.Na4 Qc7 13.Qb3 Nc5 14.Qb6 Rac8 15.Qxc7 Rxc7 16.dxc6 Nxa4
17.cxd7 Rxd7 18.Ne6 Ra8 19.Rd1 Kf7 20.Nxg7 Kxg7 21.b3 Nc3 22.Rd2 Nce4 23.Rd3 a4
24.Bb2 Nc5 25.Rc3  1/2-1/2

[Event "Budapest FS08 IM"]
[Site "Budapest"]
[Date "1994.??.??"]
[Round "3"]
[White "Szabo, Zsolt"]
[Black "Joecks, Christian"]
[Result "1/2-1/2"]
[WhiteElo "2345"]
[BlackElo "2340"]

1.d4 f5 2.g3 Nf6 3.Bg2 g6 4.Nf3 Bg7 5.O-O O-O 6.c4 d6 7.Nc3 Nc6 8.d5 Na5
9.b3 c5 10.Bb2 a6 11.Nd2 Rb8 12.Qc2 b5 13.Rab1 e5 14.dxe6 Bxe6 15.Nd5 Bxd5
16.cxd5 Qd7 17.Rbe1 Rbc8 18.e4 c4 19.Qc3 Nxe4 20.Qxg7+ Qxg7 21.Bxg7 Kxg7
22.Bxe4 c3 23.Nf3 fxe4 24.Nd4 Rfe8 25.Ne6+ Kg8 26.Rxe4 Nb7 27.b4 Nd8 28.Rc1 Nxe6
29.dxe6 d5 30.Rd4 Rxe6 31.Rxd5 Re2 32.Rd3 Rxa2 33.Rdxc3 Rxc3 34.Rxc3 Rb2
35.Rc6 Rxb4 36.Rxa6 Kg7 37.Rb6 Rb2 38.h4 h5 39.Kg2 b4 40.Kf3 Kf7 41.Ke3 b3
42.f3 Rb1 43.Kf4 b2 44.Rb7+  1/2-1/2

[Event "Budapest FS09 IM-B"]
[Site "Budapest"]
[Date "1994.??.??"]
[Round "3"]
[White "Stummer, Anton"]
[Black "Krizsany, Laszlo"]
[Result "1/2-1/2"]
[WhiteElo "2300"]
[BlackElo "2395"]

1.Nf3 f5 2.g3 Nf6 3.Bg2 g6 4.O-O Bg7 5.c4 O-O 6.d4 d6 7.Nc3 Qe8 8.d5 Na6
9.Rb1 Bd7 10.b4 c6 11.dxc6 bxc6 12.b5 cxb5 13.cxb5 Nc5 14.a4 Rc8 15.Be3 Kh8
16.h3 h6 17.a5 Nce4 18.Nxe4 Nxe4 19.b6 Nc3 20.Qd2 Nxb1 21.Rxb1 axb6 22.axb6 Bc6
23.Bxh6 Be4 24.Rb3 Qa4 25.Bxg7+ Kxg7 26.Qb2+ e5 27.Ng5 Bxg2 28.Kxg2 Qc6+
29.Kh2 Kg8 30.b7 Rb8 31.Rb5 Qc4 32.Rb4 Qd5 33.Rb5 Qc4 34.Rb4 Qd5 35.Rb5 Qc4
36.Rb4 Qd5 37.Rb5 Qc4  1/2-1/2

[Event "Budapest Honved"]
[Site "Budapest"]
[Date "1994.??.??"]
[Round "3"]
[White "Horvath, Jozsef"]
[Black "Danner, Georg"]
[Result "1/2-1/2"]
[WhiteElo "2520"]
[BlackElo "2455"]

1.d4 f5 2.g3 Nf6 3.Bg2 g6 4.c4 Bg7 5.Nf3 O-O 6.O-O d6 7.Nc3 Nc6 8.d5 Ne5
9.Nxe5 dxe5 10.e4 f4 11.gxf4 exf4 12.e5 Ng4 13.e6 Ne5 14.Re1 Nxc4 15.Re4 Nd6
16.Rxf4 c6 17.dxc6  1/2-1/2

[Event "Budapest FS08 GM"]
[Site "Budapest"]
[Date "1994.??.??"]
[Round "4"]
[White "Shabtai, Ran"]
[Black "Anka, Emil"]
[Result "1-0"]
[WhiteElo "2260"]
[BlackElo "2380"]

1.c4 f5 2.d4 Nf6 3.g3 g6 4.Bg2 Bg7 5.Nf3 O-O 6.O-O d6 7.Nc3 Qe8 8.d5 a5 9.Be3 Na6
10.Qc1 Ng4 11.Bd2 Bd7 12.e4 Nc5 13.exf5 Bxf5 14.Nb5 Nd3 15.Qd1 Nxb2 16.Qe2 Qd7
17.Bc3 Bxc3 18.Nxc3 Nd3 19.Nd4 Nc5 20.Nxf5 gxf5 21.Nb5 Ne5 22.f4 Ng4 23.Nd4 e5
24.dxe6 Qg7 25.Rad1 Rae8 26.Nb3 Ne4 27.Bxe4 fxe4 28.f5 e3 29.Rd4 h5 30.Rdf4 Qg5
31.Nd4 Re7 32.Nf3 Qf6 33.h3 Nf2 34.Kh2 Qc3 35.Nh4 Rh7 36.Rf3 Ng4+ 37.hxg4 hxg4
38.Rxe3 Qf6 39.Qxg4+ Rg7 40.Qf4 Rg5 41.e7  1-0

[Event "Budapest FS11 IM-A"]
[Site "Budapest"]
[Date "1994.??.??"]
[Round "4"]
[White "Csonkics, Tunde"]
[Black "Galyas, Miklos"]
[Result "1/2-1/2"]
[WhiteElo "2320"]
[BlackElo "2265"]

1.d4 f5 2.g3 Nf6 3.Bg2 g6 4.c4 Bg7 5.Nf3 O-O 6.O-O d6 7.Nc3 Nc6 8.d5 Ne5
9.Nxe5 dxe5 10.Qb3 h6 11.Rd1 Kh8 12.c5 g5 13.Qa3 Qe8 14.Qa5 b6 15.cxb6 cxb6
16.Qa3 e4 17.f3 exf3 18.Bxf3 Bb7 19.Be3 e5 20.dxe6 Bxf3 21.exf3 Qxe6 22.Bf2 f4
23.g4 Nxg4 24.fxg4 Qxg4+ 25.Kh1 Qf3+ 26.Kg1 Qg4+  1/2-1/2

[Event "Budapest FS02 IM-B"]
[Site "Budapest"]
[Date "1994.??.??"]
[Round "4"]
[White "Balogh, Bela"]
[Black "Todor, Razvan"]
[Result "1/2-1/2"]
[WhiteElo "2235"]
[BlackElo "2305"]

1.d4 f5 2.Nf3 Nf6 3.g3 g6 4.Bg2 Bg7 5.O-O O-O 6.c4 d6 7.d5 Qe8 8.Nc3 a5 9.Be3 h6
10.Rc1 Na6 11.Qd2 Kh7 12.h3 Bd7 13.Nd4 Qc8 14.Kh2 Nc5 15.f3 c6 16.Nb3 b6
17.Nd4 cxd5 18.cxd5 Qe8 19.f4 Rc8 20.Ne6 Nxe6 21.dxe6 Bc6 22.Bf3 b5 23.b3 b4
24.Nd5 Nxd5 25.Bxd5 Bc3 26.Qd1 Rf6 27.Bd4 Bxd4 28.Qxd4 Bxd5 29.Qxd5 Rxc1
30.Rxc1 Qg8 31.Kg2 Rxe6 32.Kf1 Re4 33.Rd1 Qxd5 34.Rxd5 Re3 35.Kf2 Re4 36.e3 Kg7
37.Rxa5 Kf6 38.Kf3 e5 39.Rb5 h5 40.fxe5+ dxe5 41.Rb6+ Kf7 42.Rb7+  1/2-1/2

[Event "Budapest FS02 GM"]
[Site "Budapest"]
[Date "1994.??.??"]
[Round "4"]
[White "Gabriel, Christian"]
[Black "Dao Thien Hai"]
[Result "1/2-1/2"]
[WhiteElo "2530"]
[BlackElo "2495"]

1.d4 f5 2.Nf3 Nf6 3.g3 g6 4.Bg2 Bg7 5.O-O O-O 6.c4 d6 7.Nc3 Qe8 8.d5 Na6
9.Nd4 Nc5 10.b4 Nfe4 11.Nxe4 Nxe4 12.Bb2 c5 13.dxc6 bxc6 14.Rb1 Bd7 15.Qd3  1/2-1/2

[Event "Budapest Spring op"]
[Site "Budapest"]
[Date "1994.??.??"]
[Round "4"]
[White "Sotnikov, Igor"]
[Black "Danner, Georg"]
[Result "1-0"]
[WhiteElo "2340"]
[BlackElo "2440"]

1.d4 f5 2.c4 Nf6 3.Nf3 g6 4.g3 Bg7 5.Bg2 O-O 6.O-O d6 7.Nc3 c6 8.b3 Na6 9.Bb2 Qe8
10.Qc2 h6 11.Ba3 Rb8 12.e4 b5 13.e5 b4 14.exf6 Rxf6 15.Bb2 bxc3 16.Bxc3 Bd7
17.Rfe1 Rf7 18.a3 c5 19.dxc5 Nxc5 20.Bxg7 Kxg7 21.b4 Ne4 22.Nd2 Nf6 23.Rac1 Bc6
24.Bxc6 Qxc6 25.c5 dxc5 26.Qxc5 Qxc5 27.bxc5 Rc8 28.c6 Rc7 29.Nf3 Ne4 30.Nd4 Rf6
31.f3 Ng5 32.Kf2 Kf7 33.h4 Nh7 34.Rb1 Nf8 35.Rec1 e5 36.Rb7 Rxb7 37.cxb7 Rb6
38.Rc7+ Kg8 39.Nc6 Rb2+ 40.Kg1 Ne6 41.Rc8+ Kg7 42.b8=Q Rxb8 43.Rxb8  1-0

[Event "Budapest Statistika"]
[Site "Budapest"]
[Date "1994.??.??"]
[Round "5"]
[White "Somogyi, Istvan"]
[Black "Hoang Than Trang"]
[Result "0-1"]
[WhiteElo "2305"]
[BlackElo "2260"]

1.d4 f5 2.Nf3 Nf6 3.g3 g6 4.Bg2 Bg7 5.O-O O-O 6.c4 d6 7.Nc3 Qe8 8.b3 e5 9.dxe5 dxe5
10.e4 Nc6 11.Bb2 fxe4 12.Nxe4 Nxe4 13.Qd5+ Kh8 14.Qxe4 Bf5 15.Qe3 Rd8 16.Rad1 Qe7
17.Rfe1 Rfe8 18.Nh4 Rxd1 19.Rxd1 Bg4 20.Re1 Qd7 21.Bd5 Bh3 22.Nf3 h6 23.Nh4 g5
24.Nf3 Qd6 25.Qe4 Bd7 26.h4 g4 27.Nh2 h5 28.Bf7 Rf8 29.Bxh5 Bf5 30.Qe2 Nd4
31.Bxd4 exd4 32.Bxg4 Bh7 33.Qd2 d3 34.Bf3 Bh6 35.Qc3+ Bg7 36.Qd2 Bh6 37.Qd1 Qd4
38.Ng4 d2 39.Rf1 Qc3 40.Be2 Bg7 41.Ne3 c6 42.Bg4 Bd4 43.Kh2 Rf6 44.Bh3 Bxe3
45.fxe3 Qc2 46.Bf5 Bxf5  0-1

[Event "Budapest Honved"]
[Site "Budapest"]
[Date "1994.??.??"]
[Round "5"]
[White "Beck, Hartmuth"]
[Black "Danner, Georg"]
[Result "0-1"]
[WhiteElo "2285"]
[BlackElo "2455"]

1.d4 f5 2.c4 g6 3.Nf3 Nf6 4.g3 Bg7 5.Bg2 O-O 6.O-O c6 7.Nc3 d6 8.d5 Bd7 9.Rb1 Na6
10.b4 Qe8 11.Qb3 cxd5 12.cxd5 Rc8 13.Be3 Ng4 14.Bd4 Bxd4 15.Nxd4 Nc7 16.h3 Nf6
17.Rfe1 Qf7 18.f4 Qg7 19.Rbd1 g5 20.e3 Kh8 21.Kh2 Rg8 22.Nce2 Nb5 23.Nxb5 Bxb5
24.Nd4 gxf4 25.exf4 Ba4 26.Qe3 Bxd1 27.Rxd1 Qg6 28.Rd3 Rc4 29.Ne2 a6 30.Rd4 Rc2
31.Rd2 Rxd2 32.Qxd2 h5 33.Bf3 h4 34.gxh4 Qh6 35.h5 Nxh5 36.Bxh5 Qxh5 37.Qd4+ Rg7
38.Qd3 Qh4 39.Qf3 Kg8 40.Ng3 Qf6 41.Qe2 Rg6 42.Qd2 b5 43.Kg2 Qg7 44.Qf2 Qc3
45.Kh2 Qd3 46.Qe1 Kf8 47.h4 Qxd5 48.Qc3 Qxa2+ 49.Kh3 Qc4 50.Qh8+ Qg8 51.Qc3  0-1

[Event "Budapest FS07 GM"]
[Site "Budapest"]
[Date "1994.??.??"]
[Round "7"]
[White "Lukacs, Peter"]
[Black "Dao Thien Hai"]
[Result "1/2-1/2"]
[WhiteElo "2485"]
[BlackElo "2475"]

1.d4 f5 2.g3 Nf6 3.Bg2 g6 4.c4 Bg7 5.Nf3 O-O 6.O-O d6 7.Nc3 Qe8 8.d5 Na6
9.Rb1 Bd7 10.b4 c6 11.dxc6 Bxc6 12.Qb3 h6 13.c5+ Kh7 14.cxd6 exd6 15.Bb2 Qe7
16.e3 Rac8 17.Rfd1 Rfd8 18.Nd4 Bxg2 19.Kxg2 Nc7 20.Rbc1 Ng4 21.h3 Ne5 22.Nd5 Nxd5
23.Qxd5 Rxc1 24.Rxc1 Nc6 25.b5 Nxd4 26.Bxd4 Bxd4 27.Qxd4 b6 28.Qd5 Kg7 29.Rc6 Rd7
30.Rc8 Qe4+ 31.Qxe4 fxe4 32.Re8 d5 33.Re6 h5 34.h4 Kh6 35.Kf1 Rc7 36.Rc6 Rd7
37.Re6  1/2-1/2

[Event "Budapest FS09 IM-B"]
[Site "Budapest"]
[Date "1994.??.??"]
[Round "9"]
[White "Hoang Than Trang"]
[Black "Bersutzki, Gregory"]
[Result "1-0"]
[WhiteElo "2285"]
[BlackElo "2190"]

1.d4 g6 2.c4 f5 3.g3 Bg7 4.Bg2 Nf6 5.Nf3 O-O 6.O-O e6 7.Nc3 d6 8.Re1 d5 9.Bf4 c6
10.a4 a5 11.Rb1 Na6 12.Na2 Ne4 13.Be5 Bh6 14.Qc2 Nb4 15.Nxb4 axb4 16.Ra1 Qb6
17.c5 b3 18.Qxe4 dxe4 19.cxb6 exf3 20.Bxf3 Ra6 21.e3 Rxb6 22.Be2 Re8 23.Bc7 Rb4
24.Ba5 Bf8 25.Bxb4 Bxb4 26.Red1 g5 27.Bc4 Kg7 28.Bxb3 Kf6 29.Rac1 Bd6 30.f3 e5
31.d5 c5 32.Bc4 h5 33.Rc3 f4 34.e4 g4 35.Be2 Rg8 36.Kf2 Bd7 37.Rb3 Rb8 38.Bb5 c4
39.Rc3 Bc5+ 40.Kf1 Bxb5 41.axb5 Bd4 42.Rxc4 fxg3 43.hxg3 gxf3 44.Rd3 f2 45.Rf3+ Kg5
46.Rxd4 exd4 47.Kxf2 Rc8 48.d6 Re8 49.Rf5+ Kg6 50.Rd5 Kf6 51.Rxd4  1-0

[Event "Budapest FS09 IM-B"]
[Site "Budapest"]
[Date "1994.??.??"]
[Round "9"]
[White "Kahn, Evarth"]
[Black "Mozes, Ervin"]
[Result "1/2-1/2"]
[WhiteElo "2320"]
[BlackElo "2410"]

1.d4 f5 2.Nf3 Nf6 3.g3 g6 4.Bg2 Bg7 5.O-O O-O 6.c4 d6 7.Nc3 c6 8.d5 e5 9.dxe6 Bxe6
10.b3 a5  1/2-1/2

[Event "Budapest Statistika"]
[Site "Budapest"]
[Date "1994.??.??"]
[Round "10"]
[White "Izsak, Gyula"]
[Black "Hoang Than Trang"]
[Result "1-0"]
[WhiteElo "2365"]
[BlackElo "2260"]

1.c4 f5 2.d4 Nf6 3.Nf3 g6 4.g3 Bg7 5.Bg2 O-O 6.O-O d6 7.Nc3 Qe8 8.d5 Na6
9.Nd4 Bd7 10.e3 c6 11.b3 Rb8 12.Bb2 Nc7 13.a4 h6 14.b4 cxd5 15.cxd5 Qf7 16.Qb3 Ne4
17.Nxe4 fxe4 18.Rac1 Rbc8 19.b5 g5 20.Rc2 Qxd5 21.Qxd5+ Nxd5 22.Bxe4 Nb6
23.Rxc8 Rxc8 24.a5  1-0

[Event "Elekes mem"]
[Site "Budapest"]
[Date "1994.??.??"]
[Round "10"]
[White "Horvath, Csaba"]
[Black "Danner, Georg"]
[Result "1-0"]
[WhiteElo "2535"]
[BlackElo "2440"]

1.d4 f5 2.g3 Nf6 3.Bg2 g6 4.Nf3 Bg7 5.O-O O-O 6.c4 c6 7.Nc3 Ne4 8.Qc2 Nxc3
9.Qxc3 d6 10.Rd1 Qe8 11.b4 e5 12.dxe5 dxe5 13.Bb2 Nd7 14.Rd6 Rf7 15.e4 Qe7
16.c5 fxe4 17.Nd2 Nf6 18.Nxe4 Nxe4 19.Bxe4 Bf5 20.Bxf5 gxf5 21.Qc4 Re8 22.Rad1 Kf8
23.b5 cxb5 24.Qxb5 a6 25.Qb3 Bf6 26.Ba3 Kg7 27.Qf3 e4 28.Qe3 Be5 29.Rb6 Rd8
30.Rdb1 f4 31.Qxe4 fxg3 32.hxg3 Rd4 33.Qe3 Bc7 34.Qxd4+  1-0

[Event "Budapest FS02 IM-B"]
[Site "Budapest"]
[Date "1994.??.??"]
[Round "11"]
[White "Stummer, Anton"]
[Black "Krizsany, Laszlo"]
[Result "1/2-1/2"]
[WhiteElo "2245"]
[BlackElo "2385"]

1.Nf3 f5 2.g3 Nf6 3.Bg2 g6 4.O-O Bg7 5.c4 O-O 6.d4 d6 7.Nc3 Qe8 8.d5 Na6
9.Rb1 Bd7 10.b4 c6 11.dxc6 bxc6 12.b5 Nc5 13.Nd4 Nfe4 14.Nxe4 Nxe4 15.bxc6 Bc8
16.c7 Qf7  1/2-1/2

[Event "Buenos Aires PRENAJ"]
[Site "Buenos Aires"]
[Date "1994.??.??"]
[Round "10"]
[White "Celis, Gustavo"]
[Black "Saldano, Horacio"]
[Result "0-1"]
[WhiteElo "2345"]
[BlackElo "2275"]

1.d4 f5 2.g3 Nf6 3.Bg2 g6 4.Nf3 Bg7 5.O-O O-O 6.c4 d6 7.Nc3 Nc6 8.d5 Ne5
9.Nxe5 dxe5 10.Qb3 h6 11.c5 Kh8 12.Bd2 g5 13.Rad1 a6 14.Na4 e4 15.Ba5 Ne8
16.f3 exf3 17.exf3 f4 18.g4 Qd7 19.Rfe1 Nf6 20.d6 exd6 21.cxd6 b5 22.Nc5 Qc6
23.Ne6 Bxe6 24.Rxe6 cxd6 25.Rexd6 Qc5+ 26.Kh1 Qc4 27.Bc3 Qf7 28.Qxf7 Rxf7
29.Bf1 Ng8 30.Bxg7+ Kxg7 31.Rb6 Re7 32.Rdd6 Re1 33.Kg2 Rc8 34.Bd3 Rcc1 35.Be4 Re2+
36.Kh3 Rh1 37.Rd7+ Ne7 38.Rxe7+ Kf8  0-1

[Event "BUL-ch"]
[Site "BUL"]
[Date "1994.??.??"]
[Round "13"]
[White "Kolev, Atanas"]
[Black "Panbukchian, Valentin"]
[Result "0-1"]
[WhiteElo "2490"]
[BlackElo "2390"]

1.d4 f5 2.g3 Nf6 3.Bg2 g6 4.c4 Bg7 5.Nf3 O-O 6.O-O d6 7.Nc3 c6 8.d5 e5 9.dxe6 Bxe6
10.Qd3 Na6 11.Bf4 Qa5 12.Ng5 Nc5 13.Qb1 Qb4 14.Bxd6 Rfe8 15.Qc2 Nfd7 16.Rac1 h6
17.Nxe6 Rxe6 18.Bxc5 Nxc5 19.Nd5 cxd5 20.cxd5 Rb6 21.Qxc5 Qxc5 22.Rxc5 Rxb2
23.e3 Rxa2 24.d6 Rd2 25.Rb1 b6 26.Rc7 Rd8 27.Rxa7 R8xd6 28.Bf3 g5 29.Ra6 Rb2
30.Rxb2 Bxb2 31.Ra7 f4 32.gxf4 gxf4 33.Rb7 Kf8 34.Bh5 fxe3 35.fxe3 Ba3 36.Kg2 Rd2+
37.Kh3 Bc5 38.e4 Bg1 39.Bg6 Rxh2+ 40.Kg3 Rb2 41.Kf4 Rg2 42.Bf5 Bh2+ 43.Ke3 Bd6
44.Rxb6 Bc5+ 45.Kf3 Rf2+ 46.Kg3 Bxb6  0-1

[Event "Cap d'Agde op"]
[Site "Cap d'Agde"]
[Date "1994.??.??"]
[Round "?"]
[White "Lobron, Eric"]
[Black "Santo Roman, Marc"]
[Result "1-0"]
[WhiteElo "2580"]
[BlackElo "2420"]

1.d4 f5 2.g3 Nf6 3.Bg2 g6 4.Nf3 Bg7 5.O-O O-O 6.c4 d6 7.Nc3 Qe8 8.d5 a5 9.Rb1 Na6
10.b3 h6 11.Bd2 g5 12.e3 Qg6 13.Nd4 Bd7 14.Qc2 Rae8 15.Rbe1 Qh5 16.Qd1 Qg6
17.a3 f4 18.exf4 gxf4 19.Nce2 Nh5 20.Qb1 Qxb1 21.Rxb1 Bg4 22.f3 Bd7 23.g4 Bxd4+
24.Nxd4 Ng7 25.Bc3 a4 26.bxa4 Nc5 27.a5 e5 28.Nb5 Na6 29.Rf2 Re7 30.Bf1 Ra8
31.Bd3 Ne8 32.Bc2 c6 33.dxc6 bxc6 34.a4 cxb5 35.cxb5 Nc5 36.Bb4 Be6 37.Bxc5 dxc5
38.Be4 Rxa5 39.Rd2 Nc7 40.b6 Na6 41.Rd8+ Kg7 42.b7 Bf7 43.Rb6  1-0

[Event "Capablanca mem-B"]
[Site "?"]
[Date "1994.??.??"]
[Round "9"]
[White "Servat, Roberto"]
[Black "Elissalt Cardenas, Hector"]
[Result "1/2-1/2"]
[WhiteElo "2445"]
[BlackElo "2415"]

1.d4 f5 2.g3 Nf6 3.Bg2 g6 4.Nf3 Bg7 5.O-O O-O 6.c4 d6 7.Nc3 c6 8.d5 cxd5
9.cxd5 Na6 10.Nd4 Nc5 11.Rb1 Bd7 12.b4 Nce4 13.Nxe4 Nxe4 14.Qd3 Rc8 15.Bb2 Qb6
16.e3 Bxd4 17.Bxd4 Bb5 18.Qa3 Qa6 19.Qxa6 bxa6 20.Rfc1 Bc4 21.a4 Bxd5 22.Bxa7 Kf7
23.b5 axb5 24.axb5 Ke6 25.b6 Bb7 26.Rc7 Rxc7 27.bxc7 Bc8 28.f4 Kd7 29.Bxe4 fxe4
30.Rb4  1/2-1/2

[Event "Copenhagen op16"]
[Site "Copenhagen"]
[Date "1994.??.??"]
[Round "5"]
[White "Petersen, Soren Boeck"]
[Black "Strange, Mikkel"]
[Result "1/2-1/2"]
[WhiteElo "2235"]
[BlackElo "2155"]

1.d4 f5 2.Nf3 Nf6 3.g3 g6 4.Bg2 Bg7 5.O-O O-O 6.c4 d6 7.Nc3 Nc6 8.d5 Ne5
9.Qb3 Nfd7 10.Nxe5 dxe5 11.d6 exd6 12.c5+ Kh8 13.cxd6 cxd6 14.Rd1 Nc5 15.Qa3 Be6
16.Be3 Rc8 17.Nb5 f4 18.Bxc5 Rxc5 19.Nxd6 Qc7 20.Qxa7 b6 21.Qxc7 Rxc7 22.Rac1 Rxc1
23.Rxc1 Rd8 24.Bh3 Bxa2 25.Nb7 Rf8 26.Rc6 Rf6  1/2-1/2

[Event "CZE-ch"]
[Site "?"]
[Date "1994.??.??"]
[Round "3"]
[White "Haba, Petr"]
[Black "Trapl, Jindrich"]
[Result "1-0"]
[WhiteElo "2475"]
[BlackElo "2375"]

1.d4 f5 2.g3 Nf6 3.Bg2 g6 4.Nf3 Bg7 5.O-O O-O 6.c4 d6 7.Nc3 Nc6 8.d5 Ne5
9.Qb3 Ned7 10.Qc2 Nc5 11.b4 Nce4 12.Bb2 Nxc3 13.Bxc3 Bd7 14.Nd4 Qc8 15.Rac1 c6
16.dxc6 bxc6 17.b5 c5 18.Nc6 Rf7 19.Rfd1 f4 20.Bxf6 Bxf6 21.Qe4 fxg3 22.hxg3 Bf5
23.Nxe7+ Rxe7 24.Qxa8 Qxa8 25.Bxa8 Rxe2 26.Bf3 Rxa2 27.g4 Bc8 28.Rxd6 Bd4
29.Rd8+ Kg7 30.Rxc8 Rxf2 31.Rf1 Rxf3+ 32.Kg2 Rc3 33.g5 Be5 34.Rxc5 Rg3+ 35.Kf2 Rxg5
36.Kf3 Kf6 37.Ke4+ Ke6 38.Rc6+ Ke7 39.Ra6 Bb8 40.Raf6 Be5 41.Rf8 Bb2 42.Ra8 Rg4+
43.Rf4 Rg1 44.Rxa7+ Kd6 45.Ra6+ Kc5 46.Rc6+ Kb4 47.b6 Re1+ 48.Kd3  1-0

[Event "Hessen-ch"]
[Site "Doernigheim"]
[Date "1994.??.??"]
[Round "9"]
[White "Schwarz, Peter"]
[Black "Lutz, Klaus Juergen"]
[Result "1/2-1/2"]
[WhiteElo "2300"]
[BlackElo "2300"]

1.d4 f5 2.Nf3 Nf6 3.g3 g6 4.Bg2 Bg7 5.O-O O-O 6.c4 d6 7.Nc3 Nc6 8.d5 Ne5
9.Nxe5 dxe5 10.e4 f4 11.b4 g5 12.Re1 g4 13.Bb2 f3 14.Bf1 h5 15.c5 h4 16.Qd2 Kh7
17.Nd1 hxg3 18.fxg3 Nh5 19.Nf2 Qe8 20.Rad1 Bd7 21.Bc3 Qg6 22.Qb2 Qg5 23.Rd2 Bh6  1/2-1/2